| 000 | 00661nam a2200229Ia 4500 | ||
|---|---|---|---|
| 003 | OSt | ||
| 005 | 20220926041522.0 | ||
| 006 | a|||||r|||| 00| 0 | ||
| 007 | ta | ||
| 008 | 220923b |||||||| |||| 00| 0 eng d | ||
| 037 | _cGeneral Book | ||
| 040 |
_aRTL _cRTL _beng |
||
| 041 |
_2eng _aeng |
||
| 082 | _aX518:51-46, J9 | ||
| 100 |
_aBuzzell Robert D. _9320262 |
||
| 245 | 0 | _aValue added by industrial distributors and their p | |
| 260 | _c1959 | ||
| 500 | _aBureau of Business Research Monographs, 96. | ||
| 650 |
_aWholesale Economics _9248396 |
||
| 942 |
_hX518:51-46, J9 _cGB _2CC |
||
| 999 |
_c667333 _d667333 |
||